[Event "Tilburg Fontys"]
[Site "Tilburg"]
[Date "1997.09.03"]
[Round "4"]
[White "Van Wely, Loek"]
[Black "Svidler, Peter"]
[Result "1/2-1/2"]
[WhiteElo "2655"]
[BlackElo "2660"]

1.d4 Nf6 2.c4 g6 3.Nc3 d5 4.Bf4 Bg7 5.e3 c5 6.dxc5 Qa5 7.Qa4+ Qxa4 8.Nxa4 Bd7
9.Nc3 Ne4 10.Nxd5 Na6 11.f3 Nexc5 12.O-O-O e6 13.Nc7+ Nxc7 14.Bxc7 Rc8 15.Bd6 b5
16.b3 bxc4 17.Bxc4 Na4 18.Rd2 Bb5 19.Rc2 Bxc4 20.bxc4 Kd7 21.c5 Rc6 22.Ne2  1/2-1/2

[Event "Tilburg Fontys"]
[Site "Tilburg"]
[Date "1997.09.05"]
[Round "6"]
[White "Shirov, Alexei"]
[Black "Svidler, Peter"]
[Result "0-1"]
[WhiteElo "2700"]
[BlackElo "2660"]

1.e4 c5 2.Nf3 e6 3.d4 cxd4 4.Nxd4 a6 5.Nc3 b5 6.Bd3 Qb6 7.Nb3 Qc7 8.f4 d6
9.Qf3 Nd7 10.O-O Ngf6 11.Bd2 b4 12.Nd1 Bb7 13.Nf2 a5 14.c3 bxc3 15.Bxc3 Be7
16.Rac1 Qb6 17.g4 a4 18.Bd4 Qd8 19.Nd2 O-O 20.g5 Ne8 21.h4 e5 22.Bc3 exf4
23.Qxf4 Ne5 24.Bxe5 dxe5 25.Qxe5 Bd6 26.Qf5 g6 27.Qf3 Be5 28.Nc4 Bd4 29.Rcd1 f5
30.Be2 fxe4 31.Qg3 Ng7 32.Qd6 Nf5 33.Qe6+ Kh8 34.Nd6 Qc7 35.Nxf5 Rxf5  0-1

[Event "Tilburg Fontys"]
[Site "Tilburg"]
[Date "1997.09.28"]
[Round "2"]
[White "Leko, Peter"]
[Black "Adams, Michael"]
[Result "1/2-1/2"]
[WhiteElo "2635"]
[BlackElo "2680"]

1.e4 e5 2.Nf3 Nc6 3.Bb5 a6 4.Ba4 Nf6 5.O-O Be7 6.Re1 b5 7.Bb3 O-O 8.c3 d5
9.exd5 Nxd5 10.Nxe5 Nxe5 11.Rxe5 c6 12.d3 Bd6 13.Re1 Qh4 14.g3 Qh3 15.Re4 Qd7
16.Nd2 Bb7 17.Qf1 c5 18.Re1 Kh8 19.Bd1 f5 20.Bf3 f4 21.g4 Rae8 22.Ne4 Nf6
23.h3 Nxe4 24.dxe4 Bb8 25.b3 Be5 26.Bb2 Qe7 27.Rac1 Rf6 28.Qe2 Rh6 29.Kg2 Qh4
30.Rh1 Rhe6 31.Rhe1 Rh6 32.Rh1 Rhe6 33.Rhe1 Rh6  1/2-1/2

[Event "Tilburg Fontys"]
[Site "Tilburg"]
[Date "1997.09.28"]
[Round "2"]
[White "Van Wely, Loek"]
[Black "Shaked, Tal"]
[Result "1-0"]
[WhiteElo "2655"]
[BlackElo "2500"]

1.d4 Nf6 2.c4 g6 3.Nc3 Bg7 4.e4 d6 5.Nf3 O-O 6.Be2 e5 7.O-O Nc6 8.d5 Ne7
9.b4 Nh5 10.Re1 a5 11.bxa5 f5 12.Nd2 Nf4 13.Nb3 Nxe2+ 14.Rxe2 f4 15.Rc2 g5
16.Nb5 Ng6 17.c5 dxc5 18.Rxc5 c6 19.Nc3 Qf6 20.Na4 Bd7 21.Nb6 Rad8 22.Ba3 Rf7
23.Rc3 Bf8 24.Bxf8 Nxf8 25.Rd3 Be8 26.Nc5 Rg7 27.d6 Qf7 28.Qb3  1-0

[Event "Tilburg Fontys"]
[Site "Tilburg"]
[Date "1997.09.29"]
[Round "3"]
[White "Shirov, Alexei"]
[Black "Van Wely, Loek"]
[Result "1-0"]
[WhiteElo "2700"]
[BlackElo "2655"]

1.e4 c5 2.Nf3 d6 3.d4 cxd4 4.Nxd4 Nf6 5.Nc3 a6 6.Be2 e5 7.Nb3 Be7 8.g4 h6
9.f4 exf4 10.Bxf4 Nc6 11.h3 Be6 12.Qd2 d5 13.O-O-O dxe4 14.Qe3 Qc8 15.Nxe4 Nxe4
16.Qxe4 O-O 17.Kb1 f5 18.Qe3 Nb4 19.Bd3 fxg4 20.Be4 Bf5 21.Nd4 Bxe4 22.Qxe4 Qc4
23.b3 Qf7 24.Ne6 Rfc8 25.Nc7 Nxc2 26.Kxc2 Bg5 27.Bxg5 Rxc7+ 28.Kb1 hxg5 29.hxg4 Rc6
30.Qh7+ Kf8 31.Rdf1 Rf6 32.Qh8+ Ke7 33.Re1+ Re6 34.Qxa8 Qg6+ 35.Kc1  1-0

[Event "Tilburg Fontys"]
[Site "Tilburg"]
[Date "1997.09.29"]
[Round "3"]
[White "Adams, Michael"]
[Black "Piket, Jeroen"]
[Result "1/2-1/2"]
[WhiteElo "2680"]
[BlackElo "2630"]

1.e4 e5 2.Nf3 Nc6 3.Bb5 a6 4.Ba4 Nf6 5.O-O Be7 6.Re1 b5 7.Bb3 d6 8.a3 O-O
9.d3 h6 10.h3 Be6 11.Bxe6 fxe6 12.Nbd2 Qe8 13.a4 Nd7 14.Nf1 Qg6 15.c3 b4
16.Ng3 bxc3 17.bxc3 Rab8 18.Be3 Na5 19.Rb1 Rxb1 20.Qxb1 c5 21.Qa2 Rb8 22.Nd2 Kh7
23.Rf1 Nf8 24.Rb1 Qe8 25.Rxb8 Qxb8 26.Ne2 Nc6 27.d4 cxd4 28.cxd4 exd4 29.Nxd4 Nxd4
30.Bxd4 Qb4 31.Be3 Bf6 32.Qc2 Ng6 33.Qc4 Qxc4 34.Nxc4 d5 35.exd5 exd5 36.Nb6 d4
37.Bd2 Ne5 38.Kf1 Kg6 39.Nd5 Bd8 40.Ke2 Kf5 41.Nb4 a5 42.Nd3  1/2-1/2

[Event "Tilburg Fontys"]
[Site "Tilburg"]
[Date "1997.09.30"]
[Round "4"]
[White "Piket, Jeroen"]
[Black "Lautier, Joel"]
[Result "0-1"]
[WhiteElo "2630"]
[BlackElo "2660"]

1.d4 Nf6 2.Nf3 e6 3.c4 b6 4.g3 Ba6 5.Nbd2 Bb7 6.Bg2 c5 7.e4 cxd4 8.O-O d6
9.Nxd4 Qd7 10.b3 Nc6 11.Nb5 Be7 12.Bb2 O-O 13.Re1 Rad8 14.Nf1 Qc8 15.Ne3 Qb8
16.Nc3 Rfe8 17.Qe2 a6 18.Rad1 Na7 19.a4 Qa8 20.Rd2 Nc6 21.Qd1 Ne5 22.Nc2 Ned7
23.Nd4 Nb8 24.Ba3 Rd7 25.h4 Red8 26.g4 Nc6 27.g5 Ne8 28.Qg4 Nxd4 29.Rxd4 Nc7
30.Rd3 b5 31.h5 bxc4 32.bxc4 Ne8 33.h6 g6 34.Bh3 Qc8 35.Rd4 Rc7 36.Rc1 e5
37.Qg3 Qa8 38.Rdd1 Rxc4 39.Nd5 Bxd5 40.exd5 Rxa4 41.Rb1 Ra5 42.Bg2 Rb8 43.Qc3 Rab5
44.Rxb5 axb5 45.Ra1 b4 46.Bxb4 Qb7 47.Ba3 Bxg5  0-1

[Event "Tilburg Fontys"]
[Site "Tilburg"]
[Date "1997.10.07"]
[Round "9"]
[White "Lautier, Joel"]
[Black "Svidler, Peter"]
[Result "1/2-1/2"]
[WhiteElo "2660"]
[BlackElo "2660"]

1.c4 Nf6 2.Nc3 g6 3.e4 d6 4.d4 Bg7 5.Nf3 O-O 6.Be2 e5 7.Be3 c6 8.d5 Ng4 9.Bg5 f6
10.Bh4 c5 11.O-O h5 12.Ne1 Na6 13.a3 Qe7 14.Rb1 Bd7 15.b4 b6 16.Nc2 Nh6 17.f3 Nf7
18.a4 Rfc8 19.Nb5 Nd8 20.Bf2 Bh6 21.a5 bxa5 22.bxa5 Nf7 23.Bh4 Kg7 24.Rb3 Qd8
25.Qe1 Rcb8 26.Qc3 Rb7 27.Rfb1 Rab8 28.Kh1 Bf4 29.Bf2 Bg5 30.Bd3 Nc7 31.Be1 Na6
32.Bf2 Nc7 33.Be1 Na6 34.R3b2 Bf4 35.Kg1 Qh8 36.Rb3 Qd8 37.R3b2 Kg8 38.Rb3 Kg7
39.Qa1 Qh8 40.Qa2 Qd8 41.Qa1 Bg5 42.R1b2 Qe7 43.Qb1 Bc8 44.Nc3  1/2-1/2

[Event "Tilburg Fontys"]
[Site "Tilburg"]
[Date "1997.10.09"]
[Round "11"]
[White "Piket, Jeroen"]
[Black "Shaked, Tal"]
[Result "1/2-1/2"]
[WhiteElo "2630"]
[BlackElo "250"]

1.d4 Nf6 2.c4 e6 3.Nf3 Bb4+ 4.Bd2 Qe7 5.g3 Nc6 6.Bg2 Bxd2+ 7.Nbxd2 d6 8.O-O a5
9.e4 e5 10.d5 Nb8 11.Ne1 h5 12.h3 h4 13.g4 Nbd7 14.Nd3 g5 15.b3 Nf8 16.a3 Ng6
17.Re1 O-O 18.b4 Bd7 19.f3 b6 20.Qc2 c5 21.bxc5 bxc5 22.Reb1 Rfb8 23.Rb2 Qd8
24.Rab1 Kf8 25.Bf1 Be8 26.Qc3 Rxb2 27.Rxb2 Nd7 28.Be2 Nb6 29.Bd1 Qc7 30.Rb1 f6
31.Kh2 Kf7 32.Qb3 Ra6 33.Qb2 Ne7 34.Nc1 Nec8 35.Na2 a4 36.Nc3 Ra5 37.Be2 Bd7
38.Nf1 Qd8 39.Ne3 Qe7 40.Qc2 Kg8 41.Rb2 Ra6 42.Qb1 Kf8 43.Bd3 Qd8 44.Bc2 Ra5
45.Qd1 Ne7 46.Rb1 Ra6 47.Bd3 Ng6 48.Qc1 Nf4 49.Bc2 Kg8 50.Bd1 Kf8 51.Nb5 Nc8
52.Qd2 Ke7 53.Bc2 Qa5 54.Qxa5 Rxa5 55.Nc3 Kd8 56.Rb7 Ra6 57.Rb2  1/2-1/2

[Event "Tilburg Fontys"]
[Site "Tilburg"]
[Date "1997.??.??"]
[Round "4"]
[White "Kramnik, Vladimir"]
[Black "Adams, Michael"]
[Result "1/2-1/2"]
[WhiteElo "2770"]
[BlackElo "2680"]

1.Nf3 Nf6 2.c4 b6 3.Nc3 c5 4.e4 d6 5.d4 cxd4 6.Nxd4 Bb7 7.Qe2 Nc6 8.Nxc6 Bxc6
9.Bg5 Nd7 10.O-O-O h6 11.Be3 e6 12.Bd4 e5 13.Be3 Be7 14.Kb1 O-O 15.f3 a6
16.Nd5 Bxd5 17.Rxd5 Qc7 18.g3 Nf6 19.Rd2 b5 20.Bh3 bxc4 21.Rc1 d5 22.exd5 Rfd8
23.d6 Rxd6 24.Qxc4 Qxc4 25.Rxc4 Nd5 26.Bf2 Nc3+ 27.Kc2 Rxd2+ 28.Kxd2 Nxa2
29.Rc8+ Rxc8 30.Bxc8 Nb4 31.Kc3 a5 32.Bb7 Bd8 33.Be4 g6 34.g4 Kf8 35.Kc4 Ke8
36.h4 Kd7 37.h5 gxh5 38.Bf5+ Kc7 39.gxh5 Bg5 40.Kb5 Nc6 41.Bb6+ Kd6 42.Bc5+ Kc7
43.Bb6+ Kd6 44.Be4 Nd4+ 45.Kxa5 f5 46.Ba8 Be3 47.Ka4 e4 48.fxe4  1/2-1/2

[Event "Tilburg Fontys"]
[Site "Tilburg"]
[Date "1997.??.??"]
[Round "5"]
[White "Adams, Michael"]
[Black "Van Wely, Loek"]
[Result "1/2-1/2"]
[WhiteElo "2680"]
[BlackElo "2655"]

1.e4 c5 2.Nf3 d6 3.d4 cxd4 4.Nxd4 Nf6 5.f3 a6 6.c4 e6 7.Nc3 b6 8.Be2 Bb7
9.O-O Be7 10.Be3 O-O 11.Qd2 Nbd7 12.a4 Rc8 13.a5 Ne5 14.axb6 Nxc4 15.Bxc4 Rxc4
16.Nb3 Rb4 17.Na5 Ba8 18.Na4 Rb5 19.Nc3 Rb4 20.Na4 Rb5 21.Nc3  1/2-1/2

[Event "Tilburg Fontys"]
[Site "Tilburg"]
[Date "1997.??.??"]
[Round "6"]
[White "Shaked, Tal"]
[Black "Adams, Michael"]
[Result "0-1"]
[WhiteElo "2500"]
[BlackElo "2680"]

1.d4 Nf6 2.c4 e6 3.Nc3 Bb4 4.e3 b6 5.Ne2 Ne4 6.Bd2 Nxd2 7.Qxd2 O-O 8.a3 Be7
9.d5 e5 10.g3 d6 11.Bg2 Nd7 12.O-O h5 13.f4 h4 14.Rae1 a5 15.b3 Ba6 16.Qc2 Re8
17.Bh3 Bc8 18.Kg2 Nf6 19.Bxc8 Qxc8 20.f5 c6 21.Rc1 b5 22.Ne4 b4 23.a4 cxd5
24.Nxf6+ Bxf6 25.cxd5 Qa6 26.Qc4 Qa7 27.Qe4 Bg5 28.Kf3 hxg3 29.hxg3 Rac8
30.Rfd1 g6 31.g4 Kg7 32.Rxc8 Rxc8 33.Rc1 Rh8 34.Ng3 Rh3 35.Rh1 Rxh1 36.Nxh1 Qc5
37.fxg6 fxg6 38.Nf2 Qc1 39.Qd3 Kh6 40.Nd1 Bh4 41.Kg2 Kg7 42.Kf3 Kh7 43.Kg2 Kh6
44.Kh3 Bf6 45.Kg2 e4 46.Qe2 Qb1 47.Nf2 Qxb3 48.Nxe4 Qxd5 49.Qf3 Be7 50.Kg3 Kg7
51.Qg2 Qe5+ 52.Kf3 b3 53.Qe2 b2 54.Qd3 d5 55.Nc3 Bb4 56.Nb1 Kh6  0-1

[Event "Tilburg Fontys"]
[Site "Tilburg"]
[Date "1997.??.??"]
[Round "7"]
[White "Lautier, Joel"]
[Black "Shaked, Tal"]
[Result "1-0"]
[WhiteElo "2660"]
[BlackElo "2500"]

1.d4 Nf6 2.c4 e6 3.Nf3 Bb4+ 4.Bd2 Qe7 5.g3 Nc6 6.Bg2 Bxd2+ 7.Nbxd2 d6 8.O-O a5
9.e4 e5 10.d5 Nb8 11.Qb3 O-O 12.Ne1 Na6 13.Qc3 Nc5 14.b3 c6 15.Nc2 cxd5 16.exd5 Bf5
17.Rfe1 Qc7 18.h3 Bg6 19.Re3 Qb6 20.a3 Nh5 21.b4 axb4 22.axb4 Rxa1+ 23.Nxa1 Nd7
24.Nab3 Rc8 25.c5 Qc7 26.Nc4 dxc5 27.bxc5 Nxc5 28.d6 Qd8 29.Nxc5 Rxc5 30.Qb4 b6
31.Qxb6 Qxb6 32.Nxb6 Nf6 33.d7 Rc1+ 34.Kh2 Rd1 35.Bc6  1-0

[Event "Tilburg Fontys"]
[Site "Tilburg"]
[Date "1997.??.??"]
[Round "8"]
[White "Shirov, Alexei"]
[Black "Lautier, Joel"]
[Result "1/2-1/2"]
[WhiteElo "2700"]
[BlackElo "2660"]

1.e4 c5 2.Nf3 Nc6 3.d4 cxd4 4.Nxd4 g6 5.Nc3 Bg7 6.Be3 Nf6 7.Bc4 O-O 8.Bb3 a5
9.f3 d5 10.exd5 Nb4 11.Nde2 a4 12.Nxa4 Nfxd5 13.Bf2 Bf5 14.O-O b5 15.Nac3 Nxc3
16.Nxc3 Qxd1 17.Rfxd1 Bxc2 18.Bxc2 Nxc2 19.Rac1 Bxc3 20.Rxc2 Bf6  1/2-1/2